Who was William Shakespeare? / (Record no. 8789)
[ view plain ]
| 000 -LEADER | |
|---|---|
| fixed length control field | 01017nam a22002777a 4500 |
| 001 - CONTROL NUMBER | |
| control field | 8789 |
| 003 - CONTROL NUMBER IDENTIFIER | |
| control field | FISKH |
| 005 - DATE AND TIME OF LATEST TRANSACTION | |
| control field | 20251021080744.0 |
| 008 - FIXED-LENGTH DATA ELEMENTS--GENERAL INFORMATION | |
| fixed length control field | 251021b cb ||||| |||| 00| 0 eng d |
| 020 ## - INTERNATIONAL STANDARD BOOK NUMBER | |
| International Standard Book Number | 9780448439044 |
| 040 ## - CATALOGING SOURCE | |
| Original cataloging agency | FISKH |
| Language of cataloging | eng |
| Transcribing agency | FISKH |
| Modifying agency | FISKH |
| 050 ## - LIBRARY OF CONGRESS CALL NUMBER | |
| Classification number | PR2895 .M36 |
| 082 ## - DEWEY DECIMAL CLASSIFICATION NUMBER | |
| Classification number | 822.3 |
| 100 ## - MAIN ENTRY--PERSONAL NAME | |
| Personal name | Mannis, Celeste Davidson |
| 245 ## - TITLE STATEMENT | |
| Title | Who was William Shakespeare? / |
| Statement of responsibility, etc. | by Celeste Davidson Mannis ; illustrated by John O' Brien |
| 260 ## - PUBLICATION, DISTRIBUTION, ETC. | |
| Place of publication, distribution, etc. | New York : |
| Name of publisher, distributor, etc. | Grosset & Dunlap, |
| Date of publication, distribution, etc. | 2006. |
| 300 ## - PHYSICAL DESCRIPTION | |
| Extent | 105 pages : |
| Other physical details | illustrations ; |
| Dimensions | 20 cm |
| 505 ## - FORMATTED CONTENTS NOTE | |
| Formatted contents note | R<br/> |
| 520 ## - SUMMARY, ETC. | |
| Summary, etc. | Presents a brief profile of the life and works of sixteenth-century playwright, William Shakespeare; and contains black-and-white illustrations that include a diagram of the Globe Theater. |
| 521 8# - TARGET AUDIENCE NOTE | |
| Target audience note | 690<br/> |
| Source | Lexile estimate<br/> |
| 521 8# - TARGET AUDIENCE NOTE | |
| Target audience note | R<br/> |
| Source | Raz-Plus<br/> |
| 650 ## - SUBJECT ADDED ENTRY--TOPICAL TERM | |
| Topical term or geographic name entry element | Biography |
| Form subdivision | School Room Youth Novels Shelf |
| General subdivision | Who Was? Books |
| 700 ## - ADDED ENTRY--PERSONAL NAME | |
| Personal name | O' Brien, John |
| Relator term | illustrator |
| 942 ## - ADDED ENTRY ELEMENTS (KOHA) | |
| Source of classification or shelving scheme | Dewey Decimal Classification |
| Koha item type | Books |
| Suppress in OPAC | No |
| Withdrawn status | Lost status | Source of classification or shelving scheme | Damaged status | Not for loan | Collection | Home library | Current library | Shelving location | Date acquired | Total Checkouts | Full call number | Barcode | Date due | Date last seen | Date last checked out | Copy number | Price effective from | Koha item type |
|---|---|---|---|---|---|---|---|---|---|---|---|---|---|---|---|---|---|---|
| Dewey Decimal Classification | Non-Fiction | Footprints International School Library Network Toul Kork Campus | Footprints International School Library Network Toul Kork Campus | TK Primary Library Room(4th Floor), Bookcase 5&6, Shelves 33-56, Orange Books | 10/21/2025 | 1 | MAN 822.3 PR2895 .M36 | FISTK00387 | 04/14/2026 | 03/31/2026 | 03/31/2026 | 1 | 10/21/2025 | Books |
